[Event "Tata Steel India Blitz w"]
[Site "Kolkata IND"]
[Date "2026.01.11"]
[Round "13.4"]
[White "Dzagnidze, Nana"]
[Black "Tsolakidou, Stavroula"]
[Result "1-0"]
[WhiteTitle "GM"]
[BlackTitle "IM"]
[WhiteElo "2469"]
[BlackElo "2479"]
[WhiteFideId "13601903"]
[BlackFideId "4264312"]
[EventDate "2026.01.10"]

1. Nf3 c5 2. c4 Nc6 3. g3 e5 4. Nc3 g6 5. d3 Bg7 6. Bg2 Nge7 7. Bd2 d6 8. a3 a5
9. O-O O-O 10. Rb1 h6 11. Ne1 Be6 12. Nc2 d5 13. cxd5 Nxd5 14. Ne3 Nb6 15. Rc1
f5 16. Bxc6 bxc6 17. Na4 Nxa4 18. Qxa4 f4 19. Nc4 Bh3 20. Rfe1 Qd5 21. f3 Qd4+
22. e3 fxe3 23. Bxe3 Qxd3 24. Qxc6 Rac8 25. Qe4 Qxe4 26. fxe4 a4 27. Nb6 Rcd8
28. Nd5 Rf7 29. Bxc5 Rb7 30. Bb4 h5 31. Rcd1 Kh8 32. Ne7 Rxd1 33. Rxd1 Kh7 34.
Kf2 Bh6 35. Rd8 Bg5 36. Re8 Rc7 37. Nd5 Rc2+ 38. Ke1 Bg4 39. Be7 Re2+ 40. Kf1
Bd2 41. Nf6+ Kg7 42. Nxg4 Re1+ 43. Kf2 hxg4 44. Bd6 Kf7 45. Rb8 Rb1 46. Bxe5 Ke6
47. Bf4 Bxf4 48. gxf4 Rc1 49. Rb6+ Kf7 50. Kg3 Rc2 51. Rb4 Re2 52. Kxg4 Rxh2 53.
b3 axb3 54. Rxb3 Ra2 55. Rb7+ Kf6 56. Rb6+ Kf7 57. Ra6 Re2 58. Kf3 Ra2 59. a4
Kg7 60. Ra8 Kf6 61. a5 1-0

[Event "Tata Steel India Blitz w"]
[Site "Kolkata IND"]
[Date "2026.01.11"]
[Round "13.5"]
[White "Yip, Carissa"]
[Black "Rakshitta, Ravi"]
[Result "1/2-1/2"]
[WhiteTitle "IM"]
[BlackTitle "WGM"]
[WhiteElo "2466"]
[BlackElo "2321"]
[WhiteFideId "2090732"]
[BlackFideId "25073230"]
[EventDate "2026.01.10"]

1. e4 e5 2. Nf3 Nc6 3. Bc4 Bc5 4. c3 Nf6 5. d3 O-O 6. a4 d5 7. exd5 Nxd5 8. h3
Bf5 9. b4 Be7 10. a5 a6 11. O-O h6 12. Re1 Bf6 13. Qb3 Nde7 14. Qc2 Qd7 15. Nbd2
Ng6 16. Ne4 Be7 17. Ng3 Be6 18. Bxe6 Qxe6 19. d4 Qd5 20. dxe5 Ngxe5 21. Nxe5
Nxe5 22. c4 Qe6 23. Bb2 Qxc4 24. Rac1 Qxc2 25. Rxc2 Ng6 26. Re4 f5 27. Re6 Kf7
28. Ree2 c6 29. Rc4 Kg8 30. Re6 Kf7 31. Re2 Kg8 32. Re6 Kf7 33. Re2 Kg8 34. Re6 1/2-1/2

[Event "Tata Steel India Blitz w"]
[Site "Kolkata IND"]
[Date "2026.01.11"]
[Round "14.1"]
[White "Lagno, Kateryna"]
[Black "Vaishali, Rameshbabu"]
[Result "1-0"]
[WhiteTitle "GM"]
[BlackTitle "GM"]
[WhiteElo "2508"]
[BlackElo "2470"]
[WhiteFideId "14109336"]
[BlackFideId "5091756"]
[EventDate "2026.01.10"]

1. e4 Nc6 2. Nf3 d6 3. d4 g6 4. Bd3 Bg7 5. c3 e5 6. dxe5 dxe5 7. O-O Nge7 8. Qe2
O-O 9. a4 h6 10. a5 f5 11. Bc4+ Kh8 12. exf5 gxf5 13. Ng5 Qe8 14. Nh3 Qg6 15. f4
e4 16. a6 b6 17. Na3 Nd8 18. Nb5 c6 19. Nd4 Ne6 20. Be3 Bd7 21. Rad1 Rad8 22.
Nc2 Bc8 23. Rxd8 Rxd8 24. Rd1 Qe8 25. Rxd8 Qxd8 26. Qh5 Ng8 27. Bxe6 Bxe6 28.
Ng5 Ba2 29. Bd4 Qe7 30. Ne3 c5 31. Nxf5 Nf6 32. Qg6 1-0

[Event "Tata Steel India Blitz w"]
[Site "Kolkata IND"]
[Date "2026.01.11"]
[Round "14.2"]
[White "Rakshitta, Ravi"]
[Black "Divya, Deshmukh"]
[Result "0-1"]
[WhiteTitle "WGM"]
[BlackTitle "GM"]
[WhiteElo "2321"]
[BlackElo "2497"]
[WhiteFideId "25073230"]
[BlackFideId "35006916"]
[EventDate "2026.01.10"]

1. d4 g6 2. Nf3 Bg7 3. Nc3 d6 4. e4 a6 5. a4 Nf6 6. h3 O-O 7. Be2 Nc6 8. O-O e6
9. Be3 b6 10. Re1 Bb7 11. Bf1 Ne7 12. Bf4 h6 13. Qd2 Kh7 14. Rad1 d5 15. e5 Ne4
16. Nxe4 dxe4 17. Nh2 Nf5 18. Ng4 Qe7 19. Ne3 Rad8 20. Qc3 Rd7 21. Nxf5 exf5 22.
Bc4 Rfd8 23. Qb3 g5 24. Bh2 Rxd4 25. Rxd4 Rxd4 26. Bxf7 Bxe5 27. Bg8+ Kh8 28.
Bxe5+ Qxe5 29. Bf7 Rd6 30. Bc4 a5 31. c3 Bd5 32. Rd1 Bxc4 33. Qc2 Rxd1+ 34. Qxd1
Bd3 35. c4 Kg7 36. b3 Qb2 37. Qh5 Qe5 38. g3 e3 0-1

[Event "Tata Steel India Blitz w"]
[Site "Kolkata IND"]
[Date "2026.01.11"]
[Round "14.3"]
[White "Tsolakidou, Stavroula"]
[Black "Yip, Carissa"]
[Result "1/2-1/2"]
[WhiteTitle "IM"]
[BlackTitle "IM"]
[WhiteElo "2479"]
[BlackElo "2466"]
[WhiteFideId "4264312"]
[BlackFideId "2090732"]
[EventDate "2026.01.10"]

1. d4 g6 2. e4 Bg7 3. Nc3 d6 4. Be3 a6 5. h4 h6 6. h5 g5 7. Nge2 b5 8. Ng3 e6 9.
f4 gxf4 10. Bxf4 Nd7 11. Be3 Bb7 12. Qd2 Ngf6 13. Bd3 Ng4 14. Nce2 c5 15. c3 Rc8
16. a4 Qb6 17. axb5 axb5 18. O-O c4 19. Bc2 Qd8 20. Rf4 Qh4 21. Nf1 e5 22. Rxg4
Qxg4 23. Neg3 Nf6 24. Nf5 Nxe4 25. Bxe4 Bxe4 26. Nxd6+ Ke7 27. Nxc8+ Rxc8 28.
dxe5 Bxe5 29. Ra7+ Rc7 30. Bc5+ Ke6 31. Ne3 Qg3 32. Ra6+ Rc6 33. Rxc6+ Bxc6 34.
Bd4 Qh2+ 35. Kf1 Qh1+ 36. Kf2 Qh4+ 37. Kf1 Qh1+ 38. Kf2 Qh4+ 39. Kf1 Qh1+ 40.
Kf2 Qh4+ 41. Kf1 Qxh5 42. Bxe5 Qxe5 43. Nc2 Qf5+ 44. Kg1 Qd3 45. Nd4+ Kd7 46.
Qxh6 Qe4 47. Nxc6 Qxc6 48. Qf4 Qd5 49. Kf2 Qd3 50. Qxf7+ Kd6 51. Qf6+ Kc7 52.
Qe5+ Kc6 53. Qe6+ Kb7 54. Qe3 Qc2+ 55. Qe2 Kc7 56. Ke3 Qf5 57. Kd2 Qg5+ 58. Kc2
Qg6+ 59. Kc1 Qh6+ 60. Kb1 Qg6+ 61. Qc2 Qg8 62. Qd2 Qg6+ 63. Kc1 Kc6 64. Qf2 Qg5+
65. Kd1 Qd5+ 66. Ke1 Qe4+ 67. Qe2 Qb1+ 68. Kf2 Kb6 69. g4 Ka5 70. Kg3 Qg6 71.
Qd2 Ka4 72. Qd1+ Ka5 73. Kf4 Qf6+ 74. Kg3 Qe5+ 75. Kf3 Qf6+ 76. Kg2 Qc6+ 77. Qf3
Qc8 78. g5 Ka4 79. Qd1+ Ka5 80. Qd4 Qc6+ 81. Kg3 Ka4 82. Qd1+ Ka5 83. Kf4 Qc7+
84. Kf5 Qf7+ 85. Kg4 Qe6+ 86. Kh5 Qh3+ 87. Kg6 Qe6+ 88. Kg7 Qe7+ 89. Kh6 Qf8+
90. Kh5 Qh8+ 91. Kg4 Qc8+ 92. Kg3 Qc7+ 93. Kh4 Qh7+ 94. Kg4 Qe4+ 95. Kg3 Qe5+
96. Kg4 1/2-1/2

[Event "Tata Steel India Blitz w"]
[Site "Kolkata IND"]
[Date "2026.01.11"]
[Round "14.4"]
[White "Goryachkina, Aleksandra"]
[Black "Dronavalli, Harika"]
[Result "1/2-1/2"]
[WhiteTitle "GM"]
[BlackTitle "GM"]
[WhiteElo "2534"]
[BlackElo "2466"]
[WhiteFideId "4147103"]
[BlackFideId "5015197"]
[EventDate "2026.01.10"]

1. e4 g6 2. d4 Bg7 3. Nc3 d6 4. Be3 a6 5. Qd2 b5 6. Bd3 Nc6 7. Be2 Nf6 8. a3 O-O
9. h3 e5 10. dxe5 dxe5 11. O-O-O Qxd2+ 12. Rxd2 Nd4 13. Nf3 Nxe2+ 14. Rxe2 Bb7
15. Bc5 Rfe8 16. Rd1 Bc6 17. g4 a5 18. Kb1 Rab8 19. Nd5 Nxd5 20. exd5 Bd7 21.
Rde1 f6 22. g5 Bxh3 23. gxf6 Bxf6 24. Nxe5 Rxe5 25. Rxe5 Bxe5 26. Rxe5 Rd8 27.
b3 Bg2 28. Re7 Rxd5 29. Rxc7 h5 30. Be7 Rf5 31. Bc5 h4 32. Rc8+ Kf7 33. Rf8+ Ke6
34. Rxf5 Kxf5 35. Bd6 g5 36. c4 bxc4 37. bxc4 g4 38. Kc2 Bc6 39. Kd3 a4 40. Ke3
Ke6 41. Bf4 Kf5 42. Bd6 Bg2 43. Bc7 Bf1 44. Bd8 h3 45. Bc7 Bxc4 46. Bg3 Bb3 47.
Kd4 Bd1 48. Bh2 Bf3 49. Bg3 Ke6 50. Bh2 Kd7 51. Bg3 Kc6 52. Bh2 Kb5 53. Bg3 Bd1
54. Bh2 Kc6 55. Bg3 Kd7 56. Bh2 Ke6 57. Bg3 Kf5 58. Ke3 Bb3 59. Kd4 Be6 60. Ke3
Bd7 61. Kd4 Be8 62. Ke3 Bd7 1/2-1/2

[Event "Tata Steel India Blitz w"]
[Site "Kolkata IND"]
[Date "2026.01.11"]
[Round "14.5"]
[White "Vantika, Agrawal"]
[Black "Dzagnidze, Nana"]
[Result "0-1"]
[WhiteTitle "IM"]
[BlackTitle "GM"]
[WhiteElo "2375"]
[BlackElo "2469"]
[WhiteFideId "25050389"]
[BlackFideId "13601903"]
[EventDate "2026.01.10"]

1. d4 Nf6 2. c4 e6 3. Nf3 b6 4. g3 Bb7 5. Bg2 Be7 6. O-O O-O 7. Re1 Qc8 8. Nc3
Ne4 9. Qc2 f5 10. Ne5 Nxc3 11. Qxc3 d6 12. Nd3 Bxg2 13. Kxg2 Bf6 14. Be3 c5 15.
f4 Nc6 16. Bf2 cxd4 17. Qd2 e5 18. Nb4 Nxb4 19. Qxb4 Qc6+ 20. Kg1 e4 21. Red1 e3
22. Be1 Rae8 23. Rac1 Re4 24. Qb5 Qc7 25. Qxf5 Rfe8 26. Qd5+ Kh8 27. Bb4 Qc8 28.
a4 Qg4 29. Rc2 Rxf4 30. Qxd6 Rf2 31. Qc6 Rd8 32. Rf1 Qf5 33. Rcc1 h6 34. a5 d3
35. exd3 Bxb2 36. Rce1 Bd4 37. Qe4 Rxf1+ 38. Rxf1 e2+ 0-1

[Event "Tata Steel India Blitz w"]
[Site "Kolkata IND"]
[Date "2026.01.11"]
[Round "15.1"]
[White "Yip, Carissa"]
[Black "Vantika, Agrawal"]
[Result "0-1"]
[WhiteTitle "IM"]
[BlackTitle "IM"]
[WhiteElo "2466"]
[BlackElo "2375"]
[WhiteFideId "2090732"]
[BlackFideId "25050389"]
[EventDate "2026.01.10"]

1. e4 c5 2. Nf3 d6 3. d4 cxd4 4. Nxd4 Nf6 5. Nc3 a6 6. h3 e5 7. Nb3 Be6 8. Qf3
Nbd7 9. g4 Nb6 10. g5 Nfd7 11. h4 Be7 12. Rg1 Rc8 13. h5 g6 14. Bh3 Nf8 15. Bd2
Bxh3 16. Qxh3 Qd7 17. Qh2 Ne6 18. O-O-O Nd4 19. hxg6 fxg6 20. Qh6 Bf8 21. Qh1
Bg7 22. Kb1 O-O 23. Be3 Na4 24. Nxa4 Qxa4 25. Bxd4 exd4 26. Qh3 Qc4 27. Rd2 Rce8
28. Rh1 Rxe4 29. Qxh7+ Kf7 30. Qh3 Qe6 31. Qd3 Re8 32. Rhd1 Qf5 33. Qc4+ d5 34.
Qc7+ R8e7 35. Qd6 R4e6 36. Qg3 Re2 37. a3 Be5 38. Qg2 Rxd2 39. Qxd5+ Kg7 40.
Rxd2 Qxg5 41. Rxd4 Qg1+ 42. Rd1 Qxf2 43. Nc5 Qf6 44. Nd7 Qf5 45. Nc5 Bf6 46. Qc4
b5 47. Qd5 Qxd5 48. Rxd5 g5 49. Nxa6 g4 50. Rd3 Re1+ 51. Ka2 Be5 52. Rd2 g3 53.
Nc5 Bf4 54. Rd4 g2 55. Ne6+ Rxe6 56. Rxf4 g1=Q 0-1

[Event "Tata Steel India Blitz w"]
[Site "Kolkata IND"]
[Date "2026.01.11"]
[Round "15.2"]
[White "Vaishali, Rameshbabu"]
[Black "Goryachkina, Aleksandra"]
[Result "0-1"]
[WhiteTitle "GM"]
[BlackTitle "GM"]
[WhiteElo "2470"]
[BlackElo "2534"]
[WhiteFideId "5091756"]
[BlackFideId "4147103"]
[EventDate "2026.01.10"]

1. d4 d5 2. Nf3 Nf6 3. e3 Bf5 4. b3 e6 5. Bb2 h6 6. Nbd2 Nbd7 7. Be2 Be7 8. O-O
O-O 9. Ne5 Nxe5 10. dxe5 Ne4 11. f4 Bc5 12. Nxe4 Bxe4 13. Qd2 a5 14. a4 c6 15.
Kh1 Qb6 16. Bd4 Bxd4 17. exd4 c5 18. dxc5 Qxc5 19. c4 dxc4 20. Bxc4 Rfd8 21. Qe2
Rd4 22. Rac1 Qb4 23. Rcd1 Rad8 24. Rxd4 Rxd4 25. Rd1 Rxd1+ 26. Qxd1 Qc3 27. Qe2
Qc1+ 28. Qf1 Qd2 29. h3 h5 30. Kh2 h4 31. Be2 Qe3 32. Bc4 b6 33. Bb5 Qxb3 34.
Qe2 Qg3+ 35. Kg1 Qxf4 36. Qc4 Qe3+ 37. Kh2 Qg3+ 38. Kg1 Qxg2# 0-1

[Event "Tata Steel India Blitz w"]
[Site "Kolkata IND"]
[Date "2026.01.11"]
[Round "15.3"]
[White "Dzagnidze, Nana"]
[Black "Lagno, Kateryna"]
[Result "1/2-1/2"]
[WhiteTitle "GM"]
[BlackTitle "GM"]
[WhiteElo "2469"]
[BlackElo "2508"]
[WhiteFideId "13601903"]
[BlackFideId "14109336"]
[EventDate "2026.01.10"]

1. Nf3 d5 2. c4 e6 3. b3 Nf6 4. Bb2 Be7 5. g3 O-O 6. Bg2 c5 7. cxd5 exd5 8. d4
Nc6 9. O-O Ne4 10. dxc5 Bxc5 11. Nc3 Be6 12. Rc1 Qa5 13. e3 Rad8 14. Na4 Be7 15.
Nd4 Nxd4 16. Bxd4 b5 17. Nc3 b4 18. Nxe4 dxe4 19. Qe2 f5 20. h4 Bf6 21. Bxf6
Rxf6 22. Rfd1 Rff8 23. Bf1 Bf7 24. Qa6 Qxa6 25. Bxa6 Bh5 26. Bc4+ Kh8 27. Rxd8
Rxd8 28. Kf1 Rd1+ 29. Rxd1 Bxd1 30. Ke1 Bh5 31. Kd2 g6 32. Be2 Bxe2 33. Kxe2 Kg7 1/2-1/2

[Event "Tata Steel India Blitz w"]
[Site "Kolkata IND"]
[Date "2026.01.11"]
[Round "15.4"]
[White "Tsolakidou, Stavroula"]
[Black "Rakshitta, Ravi"]
[Result "1-0"]
[WhiteTitle "IM"]
[BlackTitle "WGM"]
[WhiteElo "2479"]
[BlackElo "2321"]
[WhiteFideId "4264312"]
[BlackFideId "25073230"]
[EventDate "2026.01.10"]

1. c4 Nf6 2. g3 c5 3. Bg2 d5 4. cxd5 Nxd5 5. Nc3 Nc7 6. d3 Nc6 7. Be3 e5 8. Nf3
Be7 9. O-O Rb8 10. Nd2 Bd7 11. Nc4 O-O 12. Bxc6 Bxc6 13. Nxe5 Be8 14. Rc1 Nd5
15. Bd2 Bf6 16. Nf3 Bc6 17. Ne4 Bxb2 18. Rc2 Ba4 19. Nxc5 Bxc2 20. Qxc2 Bf6 21.
d4 b6 22. Nd3 Rc8 23. Qa4 Qe8 24. Qd1 Nc3 25. Bxc3 Rxc3 26. Qd2 Rc7 27. Qf4 Rc2
28. e4 Rc3 29. Qd2 Qxe4 30. Qxc3 Qxf3 31. Qc4 Rd8 32. Ne5 Qd5 33. Rc1 g6 34. Qc7
Qxa2 35. Nc6 Re8 36. Qd7 Re2 37. Rf1 a5 38. d5 Qd2 39. d6 Kg7 40. Qc7 Re6 41. d7
Rd6 42. d8=Q Bxd8 43. Nxd8 Rxd8 44. Qxb6 Rd5 45. Qb3 Rf5 46. h4 h5 47. Kg2 Qd4
48. Qa3 Qe4+ 49. Kg1 a4 50. Ra1 Qd4 51. Ra2 Qd1+ 52. Kg2 Qd5+ 53. Kg1 Qd1+ 54.
Kg2 Qd5+ 55. Kg1 Qd4 56. Qxa4 Qd1+ 57. Qxd1 1-0

[Event "Tata Steel India Blitz w"]
[Site "Kolkata IND"]
[Date "2026.01.11"]
[Round "15.5"]
[White "Dronavalli, Harika"]
[Black "Divya, Deshmukh"]
[Result "1/2-1/2"]
[WhiteTitle "GM"]
[BlackTitle "GM"]
[WhiteElo "2466"]
[BlackElo "2497"]
[WhiteFideId "5015197"]
[BlackFideId "35006916"]
[EventDate "2026.01.10"]

1. g3 g6 2. Bg2 Bg7 3. c4 c5 4. Nc3 Nc6 5. Nf3 d6 6. O-O Nf6 7. Rb1 Rb8 8. a3 a6
9. b4 cxb4 10. axb4 b5 11. cxb5 axb5 12. d4 O-O 13. e4 Bg4 14. Be3 e5 15. d5 Nd4
16. Bxd4 exd4 17. Qxd4 Nxd5 18. Qxd5 Bxc3 19. Rfd1 Be6 20. Qd3 Qf6 21. Qxd6 Rfd8
22. Qc7 Rdc8 23. Qd6 Rd8 24. Qc7 Rdc8 25. Qd6 Ba2 26. Qxf6 Bxf6 27. Rbc1 Bc3 28.
e5 Bxb4 29. Nd4 Rxc1 30. Rxc1 Ba3 31. Ra1 Bb2 32. Rxa2 Bxd4 33. Re2 b4 34. e6
fxe6 35. Be4 b3 36. Kg2 Kf7 37. f4 b2 38. Bb1 Rc8 39. Rd2 Bg7 40. Rd7+ Kf8 41.
Rb7 Rc1 42. Be4 Re1 43. Bd3 Rd1 44. Be4 Rd4 45. Bb1 Rd2+ 46. Kf3 Rxh2 47. Ba2
Rh1 48. Rb8+ Ke7 49. Rb7+ Kf8 50. Rb8+ Kf7 51. Rb7+ Kg8 52. Rb8+ Kf7 53. Rb7+
Ke8 54. Rxg7 Ra1 55. Rxh7 Rxa2 56. Rb7 Kd8 57. Kg4 Kc8 58. Rb3 Kd7 59. Kg5 Ra3
60. Rxb2 Rxg3+ 61. Kf6 Rg4 62. Rd2+ Ke8 63. Kxe6 Rxf4 64. Rg2 Ra4 65. Rxg6 Ra6+
66. Kf5 Rxg6 67. Kxg6 1/2-1/2

[Event "Tata Steel India Blitz w"]
[Site "Kolkata IND"]
[Date "2026.01.11"]
[Round "16.1"]
[White "Rakshitta, Ravi"]
[Black "Dronavalli, Harika"]
[Result "1-0"]
[WhiteTitle "WGM"]
[BlackTitle "GM"]
[WhiteElo "2321"]
[BlackElo "2466"]
[WhiteFideId "25073230"]
[BlackFideId "5015197"]
[EventDate "2026.01.10"]

1. e4 e6 2. d4 d5 3. Nc3 Bb4 4. Bd3 dxe4 5. Bxe4 Nf6 6. Bf3 c5 7. Ne2 cxd4 8.
Qxd4 Qxd4 9. Nxd4 a6 10. Bd2 e5 11. Nb3 O-O 12. a3 Be7 13. Na5 Nbd7 14. O-O-O
Rb8 15. Rhe1 Bd8 16. Nc4 Bc7 17. Be3 b5 18. Nd6 Bxd6 19. Rxd6 a5 20. Ba7 b4 21.
Bxb8 bxc3 22. Ba7 cxb2+ 23. Kxb2 e4 24. Bxe4 Re8 25. f3 Bb7 26. Bxh7+ Kxh7 27.
Rxe8 1-0

[Event "Tata Steel India Blitz w"]
[Site "Kolkata IND"]
[Date "2026.01.11"]
[Round "16.2"]
[White "Vantika, Agrawal"]
[Black "Tsolakidou, Stavroula"]
[Result "1-0"]
[WhiteTitle "IM"]
[BlackTitle "IM"]
[WhiteElo "2375"]
[BlackElo "2479"]
[WhiteFideId "25050389"]
[BlackFideId "4264312"]
[EventDate "2026.01.10"]

1. d4 Nf6 2. c4 e6 3. Nf3 c5 4. d5 b5 5. dxe6 fxe6 6. cxb5 a6 7. e3 d5 8. Nc3 c4
9. a4 Bb4 10. Bd2 Nbd7 11. Nd4 Qb6 12. a5 Qd6 13. b6 O-O 14. Be2 Nc5 15. O-O
Bxc3 16. Bxc3 Nce4 17. Be1 e5 18. Nc2 Rd8 19. f3 Nc5 20. e4 Nb3 21. Ra3 Be6 22.
exd5 Bxd5 23. Bf2 Qe7 24. Qe1 e4 25. Ne3 Bf7 26. Nxc4 Nd4 27. Bxd4 Rxd4 28. Rc3
Rad8 29. Qf2 Qb4 30. Ne3 exf3 31. Bxf3 Rd2 32. Qg3 Qd4 33. Kh1 Bg6 34. b7 Qb4
35. Rc8 Ne4 36. Qe5 Nf2+ 37. Kg1 1-0

[Event "Tata Steel India Blitz w"]
[Site "Kolkata IND"]
[Date "2026.01.11"]
[Round "16.3"]
[White "Divya, Deshmukh"]
[Black "Vaishali, Rameshbabu"]
[Result "0-1"]
[WhiteTitle "GM"]
[BlackTitle "GM"]
[WhiteElo "2497"]
[BlackElo "2470"]
[WhiteFideId "35006916"]
[BlackFideId "5091756"]
[EventDate "2026.01.10"]

1. d4 d6 2. e4 Nc6 3. c3 g6 4. Bd3 Bg7 5. Nf3 e5 6. Bc2 Bg4 7. d5 Nce7 8. c4 Nf6
9. Nc3 O-O 10. O-O h6 11. Be3 Nh7 12. h3 Bxf3 13. Qxf3 f5 14. exf5 gxf5 15. Qd1
Ng6 16. Qh5 Qf6 17. Ne2 Rae8 18. Bxh6 Bxh6 19. Qxh6 Nf4 20. Qxf6 Nxe2+ 21. Kh2
Rxf6 22. Rae1 Nd4 23. Bd3 Ng5 24. Rd1 f4 25. Rfe1 Re7 26. b4 Rg7 27. c5 Rh6 28.
Be4 Nxe4 29. Rxe4 Rhg6 30. g4 fxg3+ 31. fxg3 Rxg3 32. cxd6 Nf3+ 0-1

[Event "Tata Steel India Blitz w"]
[Site "Kolkata IND"]
[Date "2026.01.11"]
[Round "16.4"]
[White "Lagno, Kateryna"]
[Black "Yip, Carissa"]
[Result "1/2-1/2"]
[WhiteTitle "GM"]
[BlackTitle "IM"]
[WhiteElo "2508"]
[BlackElo "2466"]
[WhiteFideId "14109336"]
[BlackFideId "2090732"]
[EventDate "2026.01.10"]

1. e4 e5 2. Nf3 Nc6 3. Bb5 a6 4. Ba4 Nf6 5. O-O d6 6. Re1 Bd7 7. c3 g6 8. d4 Bg7
9. Bc2 O-O 10. a4 Nh5 11. dxe5 dxe5 12. Na3 Qe7 13. Nc4 Rfd8 14. Ne3 Nf4 15. Nd5
Nxd5 16. exd5 Bc8 17. Bb3 Na5 18. Ba2 Bf5 19. Bg5 Bf6 20. Rxe5 Qd6 21. Bxf6 Qxf6
22. Qe2 Bg4 23. Re3 b6 24. h3 Bf5 25. Nd4 Bd7 26. d6 Qxd6 27. Qf3 Qf8 28. b4 c5
29. bxa5 cxd4 30. cxd4 bxa5 31. Rae1 Re8 32. Qb7 Bxa4 33. Re7 Rxe7 34. Rxe7 Rb8
35. Qa7 Bb3 36. Bxb3 Rxb3 37. g3 a4 38. d5 a3 39. Re2 Qd6 40. Qd4 Rb1+ 41. Kg2
Rb8 42. Ra2 Rb5 43. Qd3 Rxd5 44. Qxa3 Qxa3 45. Rxa3 a5 46. Rb3 h5 47. h4 Kf8 48.
Rb7 Kg7 49. Ra7 Kf6 50. f3 Rd2+ 51. Kh3 Rd5 52. g4 hxg4+ 53. fxg4 Rd3+ 54. Kg2
Rd2+ 55. Kf3 Rd5 56. Ke4 Rb5 57. Kf3 Ke6 58. Ke4 Rb4+ 59. Kf3 a4 60. h5 gxh5 61.
gxh5 Kf6 62. h6 Rh4 63. Kg3 Rxh6 64. Rxa4 Kg7 65. Kf3 Rf6+ 66. Kg3 Rg6+ 67. Kf3 1/2-1/2

[Event "Tata Steel India Blitz w"]
[Site "Kolkata IND"]
[Date "2026.01.11"]
[Round "16.5"]
[White "Goryachkina, Aleksandra"]
[Black "Dzagnidze, Nana"]
[Result "1-0"]
[WhiteTitle "GM"]
[BlackTitle "GM"]
[WhiteElo "2534"]
[BlackElo "2469"]
[WhiteFideId "4147103"]
[BlackFideId "13601903"]
[EventDate "2026.01.10"]

1. e4 c5 2. Nf3 a6 3. c4 e6 4. d4 cxd4 5. Nxd4 Nf6 6. Bd3 Nc6 7. Nxc6 dxc6 8.
O-O e5 9. h3 Bc5 10. Qe2 O-O 11. Be3 Qe7 12. Nd2 Be6 13. Rfd1 Rfd8 14. Nf3 Nd7
15. b3 f6 16. Nh2 Bxe3 17. Qxe3 Nc5 18. Be2 a5 19. Nf1 b6 20. Ng3 Rxd1+ 21. Rxd1
Rd8 22. Kh2 Rxd1 23. Bxd1 Qd7 24. Be2 g6 25. Bf3 Qd3 26. Qe1 Kf7 27. b4 axb4 28.
Qxb4 Nd7 29. Bg4 Qd4 30. Bxe6+ Kxe6 31. Qb3 Kd6 32. Qa3+ Nc5 33. Qa7 Nd7 34.
Qa3+ c5 35. Qa8 Qxf2 36. Qg8 Qd4 37. Qxh7 Qxc4 38. Qxg6 Qxa2 39. Nf5+ Kc7 40.
Qg7 Qd2 41. h4 c4 42. h5 c3 43. h6 c2 44. h7 c1=Q 45. h8=Q Qf4+ 46. Qg3 Qxg3+
47. Nxg3 Qf4 48. Qg8 b5 49. Kg1 Qe3+ 50. Kh2 Qh6+ 51. Kg1 Qe3+ 52. Kh2 Qf4 53.
Kg1 Nc5 54. Qf7+ Kb6 55. Nf5 Nxe4 56. Qd7 Qc1+ 57. Kh2 Qf4+ 58. Kg1 Qf2+ 59. Kh2
Qc5 60. Qd8+ Kb7 61. Qd7+ Ka6 62. Qe6+ Ka5 63. Qa2+ Kb6 64. Qe6+ Qc6 65. Qe7 Nc5
66. Qd8+ Ka6 67. Ne7 Qd7 68. Qa8+ Qa7 69. Qc6+ Qb6 70. Qa8+ Qa7 71. Qc6+ Ka5 72.
Nd5 Na4 73. Nc7 Qb6 74. Qa8+ Kb4 75. Nd5+ Kc5 76. Nxb6 Nxb6 77. Qf8+ Kc4 78.
Qxf6 b4 79. Qxb6 1-0

[Event "Tata Steel India Blitz w"]
[Site "Kolkata IND"]
[Date "2026.01.11"]
[Round "17.1"]
[White "Yip, Carissa"]
[Black "Goryachkina, Aleksandra"]
[Result "1-0"]
[WhiteTitle "IM"]
[BlackTitle "GM"]
[WhiteElo "2466"]
[BlackElo "2534"]
[WhiteFideId "2090732"]
[BlackFideId "4147103"]
[EventDate "2026.01.10"]

1. e4 c5 2. Nf3 Nc6 3. d4 cxd4 4. Nxd4 e6 5. Nc3 Bc5 6. Nb3 Bb4 7. Bd3 Nge7 8.
f4 O-O 9. a3 Bxc3+ 10. bxc3 f5 11. O-O d5 12. exf5 Nxf5 13. c4 d4 14. Qe2 Bd7
15. Bb2 Rc8 16. Qe4 Qe8 17. Rae1 Rc7 18. Rf3 b6 19. Rh3 g6 20. g4 Nd6 21. Qf3 e5
22. Qd5+ Nf7 23. fxe5 Qe6 24. Rg3 Ne7 25. Qxe6 Bxe6 26. Nxd4 Bxc4 27. e6 Nd6 28.
Bc1 Bxd3 29. Rxd3 Re8 30. Nf3 Rc6 31. Ne5 Nc4 32. Nxc6 Nxc6 33. Rc3 b5 34. a4 a6
35. axb5 axb5 36. Bh6 Nd4 37. e7 Kf7 38. Rd3 Ne6 39. Rf3+ Kxe7 40. Rb3 Rb8 41.
Re4 Nd6 42. Re5 Kd7 43. Rd3 Rb6 44. Re1 Rc6 45. Red1 Ke7 46. R1d2 Nc4 47. Re2
Rd6 48. Rxd6 Kxd6 49. Be3 Ne5 50. h3 Kd5 51. Kg2 g5 52. Bc1 h6 53. Kg3 Nc4 54.
Re1 b4 55. Rd1+ Ke4 56. Re1+ Kd5 57. h4 Nd4 58. Rd1 Ke4 59. Re1+ Kd5 60. hxg5
hxg5 61. Bxg5 Nxc2 62. Rd1+ Ke4 63. Rb1 Kd3 64. Rb3+ Kd4 65. Bf6+ Kc5 66. Be7+
Kb5 67. g5 Ka4 68. Rb1 b3 69. g6 Nd4 70. Kg4 Ne6 71. Ra1+ Kb5 72. Rb1 Ka4 73.
Ra1+ Kb5 74. Bf6 Kb4 75. Rb1 Ka3 76. Ra1+ Kb4 77. Kf5 Nc7 78. g7 Nd6+ 79. Kg6 1-0

[Event "Tata Steel India Blitz w"]
[Site "Kolkata IND"]
[Date "2026.01.11"]
[Round "17.2"]
[White "Dzagnidze, Nana"]
[Black "Divya, Deshmukh"]
[Result "1/2-1/2"]
[WhiteTitle "GM"]
[BlackTitle "GM"]
[WhiteElo "2469"]
[BlackElo "2497"]
[WhiteFideId "13601903"]
[BlackFideId "35006916"]
[EventDate "2026.01.10"]

1. Nf3 d5 2. c4 c6 3. b3 Nf6 4. Bb2 g6 5. g3 Bg7 6. Bg2 O-O 7. O-O Bf5 8. d3
Nbd7 9. Nbd2 Re8 10. Nh4 Be6 11. Qc2 a5 12. e4 dxe4 13. dxe4 Nc5 14. Rad1 Qc8
15. e5 Ng4 16. Bd4 Na6 17. f4 a4 18. Ne4 axb3 19. axb3 c5 20. Bf2 Nb4 21. Qe2
Ra2 22. Rd2 Rxd2 23. Nxd2 Rd8 24. Be4 b6 25. Rd1 Nxf2 26. Kxf2 Bg4 27. Nhf3 f6
28. exf6 Bxf6 29. Nf1 Rf8 30. Ne3 Bd4 31. Kg2 Bh3+ 32. Kh1 Bg7 33. Nd5 Nxd5 34.
Bxd5+ e6 35. Be4 Bg4 36. Qd3 Bd4 37. Re1 Bf6 38. Kg2 Rd8 39. Qe3 Qd7 40. h3
Bxf3+ 41. Bxf3 Qd2+ 42. Qxd2 Rxd2+ 43. Re2 Rd6 44. Be4 Kf7 45. Kf3 Bc3 46. Re3
Bd4 47. Rd3 Rd8 48. Rd2 Rb8 49. Ra2 Re8 50. Ra7+ Kg8 51. Rb7 e5 52. Bd5+ Kh8 53.
Rxb6 exf4 54. gxf4 Rf8 55. Ke4 Re8+ 56. Be6 Kg7 57. Kd5 Rd8+ 58. Ke4 Re8 59. Kf3
Rf8 60. Kg4 h5+ 61. Kg3 Be3 62. Rb7+ Kh6 63. Rf7 Rb8 64. Bd5 Rxb3 65. Kg2 Bd4
66. f5 Rb2+ 67. Kg3 gxf5 68. Rxf5 Rb3+ 69. Rf3 Rb1 70. Ra3 Kg5 71. Ra8 h4+ 72.
Kf3 Rb3+ 73. Kg2 Rg3+ 74. Kh2 Rc3 75. Rg8+ Kh6 76. Rg4 Be5+ 77. Kg2 Rc2+ 78. Kf3
Bg3 79. Rg8 Rf2+ 80. Ke4 Rh2 81. Be6 Re2+ 82. Kf5 Rf2+ 83. Ke4 Rf4+ 84. Kd3 Rf3+
85. Ke4 Rf4+ 86. Kd3 Rd4+ 87. Ke3 Be5 88. Rg4 Rxg4 89. Bxg4 Kg5 1/2-1/2